000 01305nam a2200349Ia 4500
001 ebr10510608
003 CaPaEBR
006 m u
007 cr cn|||||||||
008 101109s2011 enka sb 001 0 eng d
010 _z 2010047405
020 _z9781405196260
020 _z9781444393996
020 _z9781444394009
040 _aCaPaEBR
_cCaPaEBR
035 _a(OCoLC)711780407
050 1 4 _aRC643
_b.A35 2011eb
082 0 4 _a616.99/446
_222
245 0 0 _aAdvances in malignant hematology
_h[electronic resource] /
_cedited by Hussain I. Saba, Ghulam J. Mufti.
260 _aChichester, West Sussex ;
_aHoboken, NJ :
_bWiley-Blackwell,
_c2011.
300 _axxi, 416 p. :
_bill. (some col.)
504 _aIncludes bibliographical references and index.
533 _aElectronic reproduction.
_bPalo Alto, Calif. :
_cebrary,
_d2011.
_nAvailable via World Wide Web.
_nAccess may be limited to ebrary affiliated libraries.
650 0 _aLeukemia.
650 0 _aLymphomas.
650 0 _aMyelodysplastic syndromes.
655 7 _aElectronic books.
_2local
700 1 _aMufti, G. J.
700 1 _aSaba, Hussain I.
710 2 _aebrary, Inc.
856 4 0 _uhttp://site.ebrary.com/lib/rucke/Doc?id=10510608
_zAn electronic book accessible through the World Wide Web; click to view
999 _c223534
_d223534